000 00760nam a22001817a 4500
003 BDDh-ASL
005 20231015031313.0
008 230405s2009 b ||||| |||| 00| 0 eng d
040 _aBDDh-ASL
_cBDDh-ASL
041 _aeng
082 _a910
_bAHS
100 1 _aAhmad, Mohiuddin
_92576
245 1 0 _aSeoul Diary /
260 _aDhaka :
_bAyan Prokashhan,
_c2009.
300 _a112 p. :
_bills. ;
_c22 cm.
650 0 _aTravel, Travelouge, ভ্রমণকাহিনী, Bhramaṇakāhinī, ভ্রমণ, Bhramaṇa, পর্যটন, travel, tour, journey, excursion, peregrination, pathway, পরিভ্রমণ করা, Travel Guide, ভ্রমণ সাহায্যকারী, Bhramaṇa sāhāyyakārī
_97139
942 _2ddc
_cBK
999 _c31709
_d31709